000 01499nam a22002894a 4500
001 506
003 BR-RjBN
005 20260413081245.0
008 000713s2000 spb 000 f por d
020 _a 9786587817217
040 _bpor
041 1 _apor
_hger
082 _aK11m
_bAr833
100 1 _aKafka, Franz,
_d1883-1924
_97
240 0 4 _aDie Verwandlung.
245 1 2 _aA metamorfose /
_cFranz Kafka ; tradução e posfácio: Modesto Carone.
260 _aSão Paulo
_bCamelot
_c2021
300 _a96p. ;
520 _a"Ao acordar, certa manhã, de sonhos inquietos, Gregor Samsa se deu conta de que havia se metamorfoseado num gigantesco inseto. Estava deitado na cama, sobre as costas, que eram tão duras que pareciam uma armadura de metal e, ao levantar um pouco a cabeça, visualizou a barriga marrom e arredondada, dividida em arcos rígidos, sobre a qual a coberta não conseguia permanecer, estando a ponto de escorregar e cair a qualquer momento. Possuía inúmeras pernas, que eram desproporcionalmente finas em relação ao resto do corpo e elas se agitavam desesperadamente diante de seus olhos." Publicada pela primeira vez em 1915, esta narrativa breve e intensa é caracterizada como um dos maiores clássicos da literatura universal.
650 0 _aLiteratura austriaca
_9135
650 0 _aExistencialismo
_9217
650 0 _aAlienação
_91090
655 0 _aRomance
_923
655 0 _aFicção
_922
700 _aKataoka, Fabio
_eTRADUTOR
_91089
942 _2ddc
_n0
_cBK
999 _c506
_d506